00792cam a22002531 4500001001300000003000400013005001700017008004100034010001700075035002000092040003200112042001200144050002000156082001100176100003700187245002700224260003800251300001900289500011500308650002700423630003900450700003400489999001500523af 48005177 DLC20260227110912.0931101s1946 gw 000 0 ger c aaf 48005177  a(OCoLC)29232600 aYale Univ. LibrarycCUdDLC apremarc00aBS554b.H4 1946 a220.951 aHebel, Johann Peter,d1760-1826.10aBiblische Geschichten. aKarlsruhe,bC.F. Mùˆllerc[1946] a279 p.c17 cm. a"Neuherausgegeben nach der Textaugabe, die Dr. Wilhelm Zentner in unserem Verlag im Jahre 1924 herausbrachte." 0aBible stories, German.00aBiblexHistory of Biblical events.1 aZentner, Wilhelm,d1893-eed. c6387d6387